000 00570nam a2200229 a 4500
001 nice12345678
003 IN_TiNIC
005 20260116013507.0
008 050524s1994 hyda grp 000 0 eng
020 _a
_c100
082 0 0 _a305.42
_bSUB
100 _aSubmma, Malladi
245 _aWomen in Changing Society
260 _aHyderabad
_bMalladi Subbamma Trust
_c1994
500 _aincludes index and biblioraphy
505 2 _aBibliography, Index
650 _aWomen-India
700 1 _aSubmma, Malladi
902 _bSRS
942 _cBK
999 _c11203
_d11203